Tous les derbys dans les compétitions européennes - Statistiques

Statistiques générales
  • Ce quiz a été pris 75 fois
  • Le résultat moyen est 31 sur 70
Statistiques - réponses
Réponse % Correct
Real Madrid
95%
Atlético Madrid
94%
FC Barcelone
91%
AC Milan
89%
Inter
89%
Paris Saint-Germain
89%
Manchester United
88%
Chelsea
86%
Manchester City
86%
Olympique lyonnais
86%
Liverpool
85%
Arsenal
83%
Olympique de Marseille
83%
Juventus
82%
Tottenham
80%
Bayern Munich
79%
Borussia Dortmund
79%
AS Roma
68%
SSC Naples
68%
Stade brestois
64%
Athletic Bilbao
61%
Bayer Leverkusen
61%
Benfica
61%
Lazio
61%
FC Porto
59%
Betis Séville
58%
Girondins de Bordeaux
58%
AS Monaco
52%
Valence CF
52%
Villarreal
50%
Deportivo La Corogne
45%
FC Séville
45%
Fiorentina
44%
Hambourg SV
42%
PSV Eindhoven
42%
Feyenoord
38%
Real Sociedad
35%
Atalanta
33%
Eintracht Francfort
33%
Parme
33%
Schalke 04
33%
VfB Stuttgart
33%
Werder Brême
32%
Espanyol
30%
SC Braga
30%
B. Mönchengladbach
27%
Nottingham Forest
24%
Sampdoria
21%
RSC Anderlecht
20%
Celta Vigo
17%
Dynamo Kiev
17%
FC Cologne
17%
Rayo Vallecano
14%
Cagliari
12%
Osasuna
11%
Real Saragosse
11%
Deportivo Alavés
9%
FC Kaiserslautern
9%
Hellas Vérone
9%
KAA La Gantoise
9%
KRC Genk
9%
Shakhtar Donetsk
9%
Rapid Bucarest
8%
Steaua Bucarest
5%
FC Malines
3%
Metalist Kharkiv
3%
Wolverhampton
3%
Hajduk Split
0%
MSV Duisbourg
0%
Radnički Niš
0%
Aucun quiz correspondant
Distribution des résultats
% des personnes avec chaque résultat
Percentile par nombre de réponses
Votre historique - résultats
Vous n’avez pas pris ce quiz